[Event "POL-chT 2nd League"]
[Site "Poronin"]
[Date "2020.09.11"]
[Round "7.19"]
[White "Miasik, Adrian"]
[Black "Swiech, Przemyslaw"]
[Result "0-1"]
[WhiteElo "1958"]
[BlackElo "2180"]
[PlyCount "78"]
[EventDate "2020.09.05"]
[EventType "team-swiss"]
[EventRounds "9"]
[EventCountry "POL"]
[SourceTitle "CBM 198 Extra"]
[Source "ChessBase"]
[SourceDate "2020.11.30"]
[SourceVersion "1"]
[SourceVersionDate "2020.11.30"]
[SourceQuality "1"]
[WhiteTeam "Rzeszow RzKSz"]
[BlackTeam "Staniatki Goniec"]
[WhiteTeamCountry "POL"]
[BlackTeamCountry "POL"]

1. d4 Nf6 2. c4 c5 3. d5 d6 4. Nc3 g6 5. e4 Bg7 6. f4 0-0 7. Nf3 Bg4 8. Bd3 e6 9. 0-0 exd5 10. exd5 Nh5 11. Be3 Re8 12. Qd2 Nd7 13. Rae1 Bxf3 14. Rxf3 f5 15. Bf2 Rxe1+ 16. Qxe1 Nf8 17. g3 a6 18. h3 Qa5 19. Re3 Rb8 20. Be2 Nf6 21. Bf3 b5 22. cxb5 axb5 23. Re7 b4 24. Nd1 Qd8 25. Ra7 N6d7 26. Qe2 Ra8 27. Rxa8 Qxa8 28. Qe7 Qxa2 29. Qxd6 Bxb2 30. Qc6 Bg7 31. d6 Kh8 32. Qb5 Qd2 33. Qc4 Qxd6 34. Ne3 Nb6 35. Qf7 Qe6 36. Qb7 b3 37. Nc4 Qxc4 38. Qxb6 b2 39. Be3 Qb4 0-1

[Event "POL-chT 2nd League"]
[Site "Jastrzebia Gora"]
[Date "2019.09.14"]
[Round "8.17"]
[White "Sroka, Janusz"]
[Black "Swiech, Przemyslaw"]
[Result "0-1"]
[WhiteElo "1876"]
[BlackElo "2176"]
[PlyCount "78"]
[EventDate "2019.09.07"]
[EventType "team-swiss"]
[EventRounds "9"]
[EventCountry "POL"]
[SourceTitle "EXT 2020"]
[Source "ChessBase"]
[SourceDate "2019.10.17"]
[SourceVersion "1"]
[SourceVersionDate "2019.10.17"]
[SourceQuality "1"]
[WhiteTeam "Gliwice Roszada"]
[BlackTeam "Staniatki Goniec"]
[WhiteTeamCountry "POL"]
[BlackTeamCountry "POL"]

1. e4 c5 2. Nc3 Nc6 3. g3 g6 4. Bg2 Bg7 5. d3 e6 6. f4 Nge7 7. Nf3 0-0 8. 0-0 d6 9. Be3 Nd4 10. e5 Nef5 11. Bf2 Nxf3+ 12. Qxf3 Nd4 13. Qd1 dxe5 14. fxe5 Bxe5 15. Na4 Bd7 16. c3 Nf5 17. Nxc5 Bc6 18. Bxc6 bxc6 19. d4 Bg7 20. Qe2 h5 21. Rae1 Re8 22. Nd3 Rb8 23. a3 a5 24. b4 Qd5 25. Nc5 axb4 26. axb4 e5 27. dxe5 Rxe5 28. Qc2 Rxe1 29. Rxe1 Qc4 30. Rc1 Bh6 31. Nd7 Bxc1 32. Nxb8 Bg5 33. h4 Be3 34. Nd7 Kg7 35. Nc5 Qg4 36. Kh2 Qf3 37. Ne4 Bxf2 38. Nxf2 Qxg3+ 39. Kh1 Ne3 0-1

[Event "Dobczyce Dominik Memorial 25th"]
[Site "Dobczyce"]
[Date "2017.07.14"]
[Round "4"]
[White "Swiech, Przemyslaw"]
[Black "Golenia, Jan"]
[Result "1-0"]
[WhiteElo "2176"]
[BlackElo "1968"]
[PlyCount "69"]
[EventDate "2017.07.13"]
[EventType "swiss"]
[EventRounds "7"]
[EventCountry "POL"]
[SourceTitle "EXT 2018"]
[Source "ChessBase"]
[SourceDate "2017.10.13"]
[SourceVersion "1"]
[SourceVersionDate "2017.10.13"]
[SourceQuality "1"]

1. e4 e5 2. Nf3 Nc6 3. d4 exd4 4. Nxd4 Nf6 5. Nc3 d6 6. Be2 Be7 7. 0-0 0-0 8. Be3 Nxd4 9. Bxd4 b6 10. e5 Nd7 11. exd6 Bxd6 12. Nb5 Ne5 13. Re1 Bb7 14. Nxd6 Qxd6 15. Bxe5 Qxe5 16. Ba6 Qd5 17. Qxd5 Bxd5 18. Re7 c6 19. Rae1 b5 20. b3 Rfd8 21. f3 Kf8 22. Rc7 Re8 23. Rxe8+ Rxe8 24. c4 Re1+ 25. Kf2 Ra1 26. cxd5 Rxa2+ 27. Ke3 Rxa6 28. dxc6 Ra2 29. Kd4 Rxg2 30. Rxa7 Ke8 31. Kc5 Rxh2 32. Ra8+ Ke7 33. c7 Rc2+ 34. Kb6 Kd7 35. Rd8+ 1-0

[Event "Lazy Baltic Pearl op 13th"]
[Site "Lazy"]
[Date "2017.07.04"]
[Round "9"]
[White "Swiech, Przemyslaw"]
[Black "Budnik, Mateusz"]
[Result "1-0"]
[WhiteElo "2176"]
[BlackElo "1989"]
[PlyCount "105"]
[EventDate "2017.06.25"]
[EventType "swiss"]
[EventRounds "9"]
[EventCountry "POL"]
[SourceTitle "EXT 2018"]
[Source "ChessBase"]
[SourceDate "2017.10.13"]
[SourceVersion "1"]
[SourceVersionDate "2017.10.13"]
[SourceQuality "1"]

1. d4 Nf6 2. Nf3 g6 3. g3 Bg7 4. Bg2 0-0 5. c4 d6 6. 0-0 Nbd7 7. Nc3 e5 8. e4 Qe7 9. h3 c6 10. Re1 Re8 11. Be3 Nf8 12. Qd2 Qc7 13. Rad1 Be6 14. b3 Rad8 15. Qc1 Bc8 16. Qa3 b6 17. Bg5 Ne6 18. Bxf6 Bxf6 19. d5 Nd4 20. dxc6 Be6 21. Nxd4 exd4 22. Nb5 Qe7 23. c7 Rc8 24. Qxd6 a6 25. Qxe7 Rxe7 26. Nxd4 Rcxc7 27. e5 Bg5 28. f4 Bh6 29. Nxe6 Rxe6 30. Rd8+ Kg7 31. Bd5 Ree7 32. Rd6 b5 33. Rxa6 bxc4 34. bxc4 Re8 35. Rb1 Kg8 36. Rab6 Bf8 37. Rb7 Ree7 38. Kf2 Rxb7 39. Rxb7 Rxb7 40. Bxb7 Bc5+ 41. Kf3 Kf8 42. Ke4 Ke7 43. Kd5 Bf2 44. c5 Kd7 45. g4 Kc7 46. Bc6 Be1 47. Be8 Bd2 48. f5 gxf5 49. gxf5 f6 50. exf6 Bh6 51. Bg6 Bf8 52. Bxh7 Bh6 53. a4 1-0

[Event "Lazy Baltic Pearl op 13th"]
[Site "Lazy"]
[Date "2017.06.29"]
[Round "5"]
[White "Sygulski, Pawel"]
[Black "Swiech, Przemyslaw"]
[Result "1/2-1/2"]
[WhiteElo "2155"]
[BlackElo "2176"]
[PlyCount "59"]
[EventDate "2017.06.25"]
[EventType "swiss"]
[EventRounds "9"]
[EventCountry "POL"]
[SourceTitle "EXT 2018"]
[Source "ChessBase"]
[SourceDate "2017.10.13"]
[SourceVersion "1"]
[SourceVersionDate "2017.10.13"]
[SourceQuality "1"]

1. c4 e5 2. Nc3 Nf6 3. g3 d5 4. cxd5 Nxd5 5. Bg2 Be6 6. Nf3 Nc6 7. 0-0 Be7 8. d4 exd4 9. Nxd4 Nxd4 10. Qxd4 Nxc3 11. Qxc3 0-0 12. Bf4 Bf6 13. Be5 Bxe5 14. Qxe5 c6 15. a4 a5 16. Rfd1 Qb6 17. Qd4 Qb4 18. Bf3 Ra6 19. Qe5 h6 20. h4 Raa8 21. Qd4 Qxd4 22. Rxd4 Rfd8 23. Rad1 Rxd4 24. Rxd4 Kf8 25. Bg4 c5 26. Re4 Bxg4 27. Rxg4 Rd8 28. Rc4 b6 29. Rc3 Rd6 30. Kg2 1/2-1/2

[Event "POL-chT U26 rapid"]
[Site "Hucisko"]
[Date "2016.01.17"]
[Round "7.21"]
[White "Obrusnik, Michal"]
[Black "Swiech, Przemyslaw"]
[Result "0-1"]
[WhiteElo "2276"]
[BlackElo "2192"]
[PlyCount "106"]
[EventDate "2016.01.16"]
[EventType "team-swiss (rapid)"]
[EventRounds "9"]
[EventCountry "POL"]
[SourceTitle "CBM 170 Extra"]
[Source "ChessBase"]
[SourceDate "2016.02.25"]
[SourceVersion "1"]
[SourceVersionDate "2016.02.25"]
[SourceQuality "1"]
[WhiteTeam "Gliwice Politechnika Slaska"]
[BlackTeam "Krakow UJ"]
[WhiteTeamCountry "POL"]
[BlackTeamCountry "POL"]

1. e4 c5 2. c3 d6 3. d4 Nf6 4. Bd3 g6 5. h3 Bg7 6. Nf3 0-0 7. 0-0 Nc6 8. Be3 Nd7 9. Nbd2 b6 10. a4 a5 11. Nc4 cxd4 12. Nxd4 Bb7 13. f3 Rb8 14. Nxc6 Bxc6 15. Na3 Nc5 16. Bb5 Qc7 17. Bxc6 Qxc6 18. Nb5 f5 19. Qd5+ Qxd5 20. exd5 Nd3 21. Rab1 f4 22. Bd4 Rf5 23. Rfd1 Nc5 24. Bxc5 bxc5 25. Rd2 Kf7 26. Re1 Be5 27. Na7 Kf6 28. Nc6 Ra8 29. Rde2 e6 30. Nxe5 Rxe5 31. Rxe5 dxe5 32. d6 Rd8 33. Rd1 e4 34. fxe4 Ke5 35. d7 Kxe4 36. Kf2 g5 37. Rd6 Ke5 38. Rd1 h5 39. Kf3 Kf5 40. g4+ hxg4+ 41. hxg4+ Kf6 42. Ke4 Ke7 43. Rh1 Rxd7 44. Rh7+ Kd6 45. Rh5 Rf7 46. Kf3 Kd5 47. Rxg5+ e5 48. Rg8 e4+ 49. Kf2 Rb7 50. Rd8+ Kc4 51. Rf8 Rxb2+ 52. Kf1 f3 53. g5 Kd3 0-1

[Event "POL-chT U26 rapid"]
[Site "Hucisko"]
[Date "2016.01.16"]
[Round "3.15"]
[White "Leniart, Arkadiusz"]
[Black "Swiech, Przemyslaw"]
[Result "1-0"]
[WhiteElo "2484"]
[BlackElo "2192"]
[PlyCount "103"]
[EventDate "2016.01.16"]
[EventType "team-swiss (rapid)"]
[EventRounds "9"]
[EventCountry "POL"]
[SourceTitle "CBM 170 Extra"]
[Source "ChessBase"]
[SourceDate "2016.02.25"]
[SourceVersion "1"]
[SourceVersionDate "2016.02.25"]
[SourceQuality "1"]
[WhiteTeam "Warsaw UW"]
[BlackTeam "Krakow UJ"]
[WhiteTeamCountry "POL"]
[BlackTeamCountry "POL"]

1. e4 c5 2. Nf3 Nc6 3. d4 cxd4 4. Nxd4 e5 5. Nb5 d6 6. c4 Be7 7. Be2 Nf6 8. f3 a6 9. N5c3 0-0 10. Be3 Be6 11. 0-0 Rc8 12. Nd5 Bxd5 13. cxd5 Nd4 14. Bxd4 exd4 15. Qxd4 Nd7 16. Nc3 Bf6 17. Qb4 Qb6+ 18. Qxb6 Nxb6 19. Rfc1 Rc7 20. Nd1 Rfc8 21. Rxc7 Rxc7 22. Bd3 Kf8 23. Rb1 Na4 24. Kf1 Ke7 25. g3 Kd7 26. Ke1 h5 27. Kd2 h4 28. Bc2 Nb6 29. b3 hxg3 30. hxg3 g6 31. Ne3 Rc8 32. Rh1 Ke7 33. Bd3 Nd7 34. f4 a5 35. Ng4 Bc3+ 36. Ke2 Nc5 37. e5 Nxd3 38. Kxd3 Bb4 39. Rh7 Rc3+ 40. Ke2 Rc2+ 41. Kf3 Rxa2 42. e6 Bc3 43. Rxf7+ Ke8 44. Nf2 Rxf2+ 45. Kxf2 b5 46. Kf3 Bd4 47. Ke4 Bc5 48. g4 a4 49. bxa4 bxa4 50. f5 gxf5+ 51. gxf5 a3 52. Rh7 1-0

[Event "POL-ch U26 rapid"]
[Site "Hucisko"]
[Date "2016.01.15"]
[Round "6"]
[White "Swiech, Przemyslaw"]
[Black "Brodowski, Piotr"]
[Result "0-1"]
[WhiteElo "2192"]
[BlackElo "2452"]
[PlyCount "69"]
[EventDate "2016.01.15"]
[EventType "swiss (rapid)"]
[EventRounds "9"]
[EventCountry "POL"]
[SourceTitle "CBM 170 Extra"]
[Source "ChessBase"]
[SourceDate "2016.02.25"]
[SourceVersion "1"]
[SourceVersionDate "2016.02.25"]
[SourceQuality "1"]

1. e4 g6 2. d4 Bg7 3. Nf3 d6 4. h3 a6 5. g3 b5 6. Bg2 Bb7 7. Qe2 Nd7 8. 0-0 e5 9. Bg5 Ngf6 10. dxe5 dxe5 11. Nc3 c6 12. Nxe5 Nxe5 13. f4 Qb6+ 14. Kh2 Nc4 15. e5 Nd5 16. Nxd5 cxd5 17. f5 gxf5 18. b3 Nxe5 19. Rxf5 Qe6 20. Raf1 0-0 21. Bf6 Nd7 22. Bxg7 Qxe2 23. Rg5 h6 24. Bxh6+ Kh7 25. Bxf8 Rxf8 26. Rf4 Qe6 27. Rh4+ Qh6 28. Bxd5 Qxh4 29. gxh4 f6 30. Rf5 Kg6 31. Be6 Ne5 32. h5+ Kh6 33. c4 Nf3+ 34. Kg3 Nd4 35. Bd7 0-1

[Event "POL-ch U26"]
[Site "Zabrze"]
[Date "2015.01.11"]
[Round "6"]
[White "Swiech, Przemyslaw"]
[Black "Bednarczyk, Damian"]
[Result "1/2-1/2"]
[WhiteElo "2256"]
[BlackElo "2103"]
[PlyCount "78"]
[EventDate "2015.01.10"]
[EventType "swiss"]
[EventRounds "9"]
[EventCountry "POL"]
[SourceTitle "EXT 2016"]
[Source "ChessBase"]
[SourceDate "2015.10.08"]
[SourceVersion "1"]
[SourceVersionDate "2015.10.08"]
[SourceQuality "1"]

1. c4 e5 2. Nc3 Bb4 3. e4 Bxc3 4. bxc3 Nf6 5. d3 0-0 6. Bg5 h6 7. Bh4 c6 8. Nf3 Re8 9. Be2 d5 10. cxd5 cxd5 11. exd5 Qxd5 12. Bxf6 gxf6 13. Nd2 Nc6 14. Ne4 Qe6 15. Bg4 f5 16. Bh3 Qg6 17. Nd2 f4 18. Bxc8 Raxc8 19. Qf3 Ne7 20. Rc1 Rcd8 21. Ne4 f5 22. Nd2 e4 23. dxe4 fxe4 24. Qxf4 Nd5 25. Qg3 Qxg3 26. hxg3 e3 27. Nf3 e2 28. Nd2 Rc8 29. Rxh6 Nb4 30. Rd6 Nxa2 31. Ra1 Rxc3 32. Rd4 Nc1 33. Ne4 Nb3 34. Nxc3 Nxd4 35. Rc1 Rc8 36. Nxe2 Re8 37. Kd2 Rxe2+ 38. Kd3 Rxf2 39. Kxd4 Rxg2 1/2-1/2

[Event "Dobczyce op 22nd"]
[Site "Dobczyce"]
[Date "2014.07.18"]
[Round "9"]
[White "Watorek, Marcin"]
[Black "Swiech, Przemyslaw"]
[Result "1/2-1/2"]
[WhiteElo "2088"]
[BlackElo "2267"]
[PlyCount "24"]
[EventDate "2014.07.12"]
[EventType "swiss"]
[EventRounds "9"]
[EventCountry "POL"]
[SourceTitle "CBM 161 Extra"]
[Source "ChessBase"]
[SourceDate "2014.08.29"]
[SourceVersion "1"]
[SourceVersionDate "2014.08.29"]
[SourceQuality "1"]

1. d4 f5 2. c4 Nf6 3. g3 g6 4. Bg2 Bg7 5. Nf3 0-0 6. Nc3 d6 7. 0-0 Qe8 8. d5 Na6 9. Rb1 c6 10. Nd4 Bd7 11. Re1 Nc7 12. b4 e5 1/2-1/2

[Event "Dobczyce op 22nd"]
[Site "Dobczyce"]
[Date "2014.07.16"]
[Round "7"]
[White "Swiech, Przemyslaw"]
[Black "Barski, Radoslaw"]
[Result "1/2-1/2"]
[WhiteElo "2267"]
[BlackElo "2261"]
[PlyCount "75"]
[EventDate "2014.07.12"]
[EventType "swiss"]
[EventRounds "9"]
[EventCountry "POL"]
[SourceTitle "CBM 161 Extra"]
[Source "ChessBase"]
[SourceDate "2014.08.29"]
[SourceVersion "1"]
[SourceVersionDate "2014.08.29"]
[SourceQuality "1"]

1. d4 Nf6 2. Nf3 g6 3. g3 Bg7 4. Bg2 0-0 5. c4 c6 6. 0-0 d5 7. Nbd2 a5 8. b3 Bf5 9. Bb2 a4 10. bxa4 Qa5 11. Ne5 Qxa4 12. Qxa4 Rxa4 13. cxd5 cxd5 14. Rfc1 Ne4 15. Nxe4 dxe4 16. Rc7 f6 17. g4 Be6 18. Rxe7 Bc8 19. Nxg6 hxg6 20. Bxe4 Nc6 21. Bd5+ Kh7 22. Re4 Rd8 23. Bb3 Raxd4 24. Bxd4 Rxd4 25. Rxd4 Nxd4 26. Bc4 Bxg4 27. f3 Bd7 28. Kf2 Bc6 29. Rd1 f5 30. e3 Nxf3 31. Bd5 Bxd5 32. Rxd5 Nxh2 33. Rb5 Ng4+ 34. Ke2 Bh6 35. Rxb7+ Kg8 36. a4 Bxe3 37. a5 f4 38. a6 1/2-1/2

[Event "Dobczyce op 22nd"]
[Site "Dobczyce"]
[Date "2014.07.14"]
[Round "5"]
[White "Tracz, Marcelina"]
[Black "Swiech, Przemyslaw"]
[Result "0-1"]
[WhiteElo "1760"]
[BlackElo "2267"]
[PlyCount "48"]
[EventDate "2014.07.12"]
[EventType "swiss"]
[EventRounds "9"]
[EventCountry "POL"]
[SourceTitle "CBM 161 Extra"]
[Source "ChessBase"]
[SourceDate "2014.08.29"]
[SourceVersion "1"]
[SourceVersionDate "2014.08.29"]
[SourceQuality "1"]

1. e4 c5 2. Nf3 Nc6 3. d4 cxd4 4. Nxd4 Nf6 5. Nc3 e5 6. Ndb5 d6 7. Bg5 a6 8. Na3 b5 9. Bxf6 gxf6 10. Nd5 f5 11. c3 Bg7 12. Nc2 0-0 13. Qe2 Ne7 14. Nce3 Nxd5 15. Nxd5 Be6 16. g3 fxe4 17. Qxe4 f5 18. Qd3 b4 19. c4 Qa5 20. Ne3 f4 21. Nd5 e4 22. Qd2 Bxd5 23. cxd5 e3 24. Qe2 f3 0-1

[Event "Dobczyce op 22nd"]
[Site "Dobczyce"]
[Date "2014.07.13"]
[Round "3"]
[White "Kyc, Jerzy"]
[Black "Swiech, Przemyslaw"]
[Result "1-0"]
[WhiteElo "2096"]
[BlackElo "2267"]
[PlyCount "85"]
[EventDate "2014.07.12"]
[EventType "swiss"]
[EventRounds "9"]
[EventCountry "POL"]
[SourceTitle "CBM 161 Extra"]
[Source "ChessBase"]
[SourceDate "2014.08.29"]
[SourceVersion "1"]
[SourceVersionDate "2014.08.29"]
[SourceQuality "1"]

1. e4 c5 2. Nf3 Nc6 3. d4 cxd4 4. Nxd4 e5 5. Nb5 d6 6. N1c3 a6 7. Na3 b5 8. Nd5 Nge7 9. c4 Nxd5 10. cxd5 Be7 11. Bd3 Bg5 12. 0-0 Bxc1 13. Rxc1 Ne7 14. Nc2 0-0 15. Nb4 Ng6 16. Qd2 Nf4 17. f3 f5 18. Kh1 Rf6 19. Nc6 Qf8 20. Bb1 Bd7 21. Rc3 Qf7 22. Rfc1 Rf8 23. Ra3 Kh8 24. Rxa6 Qh5 25. exf5 Bxf5 26. Bxf5 Qxf5 27. Ne7 Qd7 28. Nc6 e4 29. fxe4 Nh3 30. gxh3 Qxh3 31. Rg1 Rf1 32. Qe2 b4 33. Nxb4 Rxg1+ 34. Kxg1 Qh4 35. Ra3 h6 36. Rg3 Rf4 37. Nd3 Rxe4 38. Qf3 Re8 39. Nf4 Qd8 40. Ne6 Qb6+ 41. Qf2 Qb7 42. Rxg7 Qxd5 43. Rh7+ 1-0

[Event "Dobczyce op 22nd"]
[Site "Dobczyce"]
[Date "2014.07.12"]
[Round "1"]
[White "Golenia, Wojciech"]
[Black "Swiech, Przemyslaw"]
[Result "0-1"]
[WhiteElo "1700"]
[BlackElo "2267"]
[PlyCount "76"]
[EventDate "2014.07.12"]
[EventType "swiss"]
[EventRounds "9"]
[EventCountry "POL"]
[SourceTitle "CBM 161 Extra"]
[Source "ChessBase"]
[SourceDate "2014.08.29"]
[SourceVersion "1"]
[SourceVersionDate "2014.08.29"]
[SourceQuality "1"]

1. e4 c5 2. Nf3 Nc6 3. Bb5 d6 4. c3 Nf6 5. d3 e5 6. 0-0 Be7 7. Be3 0-0 8. a4 h6 9. Nbd2 a6 10. Bc4 d5 11. exd5 Nxd5 12. Bxd5 Qxd5 13. Nc4 Bd8 14. Qe2 Bc7 15. Nh4 Be6 16. Rfd1 Bd8 17. Qh5 Qd7 18. f3 b6 19. a5 bxa5 20. Bxc5 Re8 21. Kh1 Rb8 22. Rab1 Bg5 23. Nd6 Re7 24. Nhf5 Bxf5 25. Nxf5 Qxf5 26. Bxe7 Nxe7 27. Qg4 Qxg4 28. fxg4 Nd5 29. Re1 f6 30. g3 Kf7 31. Kg2 Bd2 32. Rh1 Rb3 33. Kf3 a4 34. Rhd1 Bxc3 35. bxc3 Nxc3 36. Rxb3 axb3 37. Rd2 a5 38. Ke3 b2 0-1

[Event "Dobczyce op 22nd"]
[Site "Dobczyce"]
[Date "2014.07.12"]
[Round "2"]
[White "Swiech, Przemyslaw"]
[Black "Sleczka, Bartosz"]
[Result "1/2-1/2"]
[WhiteElo "2267"]
[BlackElo "1890"]
[PlyCount "82"]
[EventDate "2014.07.12"]
[EventType "swiss"]
[EventRounds "9"]
[EventCountry "POL"]
[SourceTitle "CBM 161 Extra"]
[Source "ChessBase"]
[SourceDate "2014.08.29"]
[SourceVersion "1"]
[SourceVersionDate "2014.08.29"]
[SourceQuality "1"]

1. e4 c5 2. f4 Nc6 3. Nf3 d6 4. Bc4 Nf6 5. Nc3 e6 6. e5 dxe5 7. fxe5 Ng4 8. Bb5 Bd7 9. Qe2 a6 10. Bxc6 Bxc6 11. 0-0 Bxf3 12. Qxf3 Nxe5 13. Qxb7 Be7 14. d3 0-0 15. Bf4 Qd4+ 16. Kh1 Ng6 17. Bg3 c4 18. Bf2 Qg4 19. h3 Qh5 20. dxc4 Rab8 21. Qxa6 Rxb2 22. c5 Rxc2 23. Qd3 Rb2 24. Ne4 Nf4 25. Qg3 e5 26. Rab1 Rxa2 27. Rb7 Qg6 28. Qxg6 Nxg6 29. c6 Rc2 30. c7 f5 31. Ng3 Bd6 32. Bb6 e4 33. Nxf5 Be5 34. Ne3 Rxf1+ 35. Nxf1 Ne7 36. Kg1 Kf7 37. Ne3 Rc1+ 38. Kf2 Ke6 39. Ke2 Nc8 40. Ba5 Rc5 41. Bb4 Rxc7 1/2-1/2

[Event "Krakow op-A 24th"]
[Site "Krakow"]
[Date "2014.01.03"]
[Round "8"]
[White "Warakomski, Tomasz"]
[Black "Swiech, Przemyslaw"]
[Result "1-0"]
[WhiteElo "2499"]
[BlackElo "2270"]
[PlyCount "119"]
[EventDate "2013.12.27"]
[EventType "swiss"]
[EventRounds "9"]
[EventCountry "POL"]
[SourceTitle "CBM 158 Extra"]
[Source "ChessBase"]
[SourceDate "2014.02.28"]
[SourceVersion "1"]
[SourceVersionDate "2014.02.28"]
[SourceQuality "1"]

1. e4 c5 2. Nf3 Nc6 3. Bb5 g6 4. 0-0 Bg7 5. Nc3 d6 6. e5 dxe5 7. Bxc6+ bxc6 8. Re1 f6 9. Qe2 Nh6 10. Qc4 Bg4 11. d3 Bxf3 12. Bxh6 Bxh6 13. gxf3 Bd2 14. Re4 Bxc3 15. Qxc3 Qd5 16. Kg2 Rb8 17. a3 g5 18. Rae1 Rg8 19. Kf1 Rg6 20. R1e3 Rh6 21. Kg1 Qe6 22. b3 Qh3 23. Rg4 Qxh2+ 24. Kf1 Qh1+ 25. Rg1 Qh3+ 26. Ke2 Qd7 27. Qxc5 Rb5 28. Qc4 Qd5 29. Qg4 Qd7 30. Qc4 Kf8 31. Re4 Rg6 32. Rh1 Kg7 33. Re3 Rd5 34. b4 h6 35. Kd2 f5 36. Qc3 Qd6 37. a4 Rd4 38. b5 f4 39. Re2 c5 40. a5 c4 41. Rb1 Qd5 42. Rb4 Rd6 43. Re4 cxd3 44. Rbxd4 exd4 45. Qc7 dxc2 46. Qxe7+ Kg6 47. Qe8+ Qf7 48. Kxc2 Qxe8 49. Rxe8 d3+ 50. Kd2 Rd5 51. Rb8 h5 52. a6 g4 53. b6 axb6 54. a7 Ra5 55. a8Q Rxa8 56. Rxa8 Kg5 57. Rg8+ Kh4 58. fxg4 hxg4 59. Kxd3 Kh3 60. Ke4 1-0

[Event "Krakow op-A 24th"]
[Site "Krakow"]
[Date "2013.12.29"]
[Round "3"]
[White "Swiech, Przemyslaw"]
[Black "Wisniowska, Klaudia"]
[Result "1/2-1/2"]
[WhiteElo "2270"]
[BlackElo "2182"]
[PlyCount "96"]
[EventDate "2013.12.27"]
[EventType "swiss"]
[EventRounds "9"]
[EventCountry "POL"]
[SourceTitle "CBM 158 Extra"]
[Source "ChessBase"]
[SourceDate "2014.02.28"]
[SourceVersion "1"]
[SourceVersionDate "2014.02.28"]
[SourceQuality "1"]

1. c4 g6 2. g3 Bg7 3. Bg2 e5 4. Nc3 Ne7 5. e4 d6 6. d3 c5 7. Be3 Nbc6 8. Qd2 Be6 9. f4 Nd4 10. fxe5 dxe5 11. Nf3 f6 12. Nd5 Nec6 13. Nxd4 cxd4 14. Bh6 0-0 15. 0-0 Rb8 16. Rf2 Bxd5 17. cxd5 Bxh6 18. Qxh6 Nb4 19. Qd2 a5 20. Bh3 Kg7 21. Be6 b6 22. Raf1 Rb7 23. g4 Rc7 24. a3 Rc2 25. Qd1 Rxf2 26. Rxf2 Na6 27. b4 Nc7 28. bxa5 bxa5 29. Rb2 Nxe6 30. dxe6 Qc8 31. Qb3 Re8 32. Qb7+ Qxb7 33. Rxb7+ Kh6 34. e7 Kg5 35. h3 f5 36. gxf5 gxf5 37. exf5 Kxf5 38. Kf2 Kf6 39. Kf3 Rxe7 40. Rb5 Kf5 41. Rxa5 Rf7 42. Ra6 e4+ 43. dxe4+ Ke5+ 44. Ke2 Kxe4 45. Re6+ Kd5 46. Rh6 Re7+ 47. Kd2 Ra7 48. a4 Rxa4 1/2-1/2

[Event "Krakow op-A 24th"]
[Site "Krakow"]
[Date "2013.12.27"]
[Round "1"]
[White "Swiech, Przemyslaw"]
[Black "Llopis de Aysa, Manuel"]
[Result "1-0"]
[WhiteElo "2270"]
[BlackElo "2060"]
[PlyCount "81"]
[EventDate "2013.12.27"]
[EventType "swiss"]
[EventRounds "9"]
[EventCountry "POL"]
[SourceTitle "CBM 158 Extra"]
[Source "ChessBase"]
[SourceDate "2014.02.28"]
[SourceVersion "1"]
[SourceVersionDate "2014.02.28"]
[SourceQuality "1"]

1. c4 d6 2. d4 e5 3. Nf3 e4 4. Ng1 f5 5. g3 c6 6. Nc3 Nf6 7. Bg2 Be7 8. f3 exf3 9. Nxf3 0-0 10. 0-0 Ne4 11. Qc2 Nxc3 12. bxc3 Nd7 13. Be3 Nf6 14. Kh1 Kh8 15. Rae1 Ne4 16. Nd2 Nxd2 17. Bxd2 Be6 18. d5 cxd5 19. cxd5 Bd7 20. Rb1 b6 21. Rf3 Bg5 22. Rbf1 Bxd2 23. Qxd2 Qe7 24. Qd4 Rae8 25. R3f2 Rg8 26. Qb4 g6 27. a4 Qe5 28. a5 b5 29. c4 bxc4 30. Qxc4 Rc8 31. Qa6 Rc7 32. Rb1 Rgc8 33. Rff1 Kg7 34. Rb7 Qe7 35. Qxa7 Bb5 36. Qd4+ Kg8 37. Rxb5 Qxe2 38. Rb2 Rc2 39. Rxc2 Rxc2 40. Qg1 Ra2 41. Ra1 1-0

[Event "POL-chT 69th"]
[Site "Poland"]
[Date "2013.09.15"]
[Round "9.1"]
[White "Schmidt, Wlodzimierz"]
[Black "Swiech, Przemyslaw"]
[Result "1-0"]
[WhiteElo "2370"]
[BlackElo "2281"]
[PlyCount "81"]
[EventDate "2013.05.24"]
[EventType "team-tourn"]
[EventRounds "9"]
[EventCountry "POL"]
[SourceTitle "EXT 2014"]
[Source "ChessBase"]
[SourceDate "2013.11.20"]
[SourceVersion "1"]
[SourceVersionDate "2013.11.20"]
[SourceQuality "1"]
[WhiteTeam "Poznan Politechnika"]
[BlackTeam "Krakow TKKF Drogowiec"]
[WhiteTeamCountry "POL"]
[BlackTeamCountry "POL"]

1. d4 Nf6 2. c4 d6 3. Nf3 g6 4. Nc3 Bg7 5. e4 0-0 6. Be2 Nbd7 7. 0-0 c6 8. Re1 Qc7 9. Bf1 e5 10. d5 c5 11. g3 h6 12. Nh4 Qd8 13. Be3 Kh7 14. Bd3 Ng8 15. Rb1 b6 16. a3 Ne7 17. Qc2 Nf6 18. f3 Ne8 19. b4 Kg8 20. a4 f5 21. exf5 gxf5 22. a5 cxb4 23. Rxb4 bxa5 24. Ra4 Qd7 25. Rxa5 Nf6 26. c5 e4 27. Bc4 Ne8 28. fxe4 f4 29. gxf4 Qg4+ 30. Ng2 Ng6 31. Be2 Qh3 32. Nd1 Nh4 33. Nxh4 Qxh4 34. Nf2 Rxf4 35. Bxf4 Qxf4 36. Ra3 Bd4 37. Rf3 Qh4 38. e5 Bxe5 39. Qg6+ Ng7 40. Qf7+ Kh8 41. Qf8+ 1-0

[Event "POL Region-ch U15"]
[Site "Szczyrk"]
[Date "2012.10.21"]
[Round "7.9"]
[White "Blaszczak, Jedrzej"]
[Black "Swiech, Przemyslaw"]
[Result "1-0"]
[WhiteElo "1512"]
[BlackElo "1524"]
[PlyCount "45"]
[EventDate "2012.10.14"]
[EventType "swiss"]
[EventRounds "9"]
[EventCountry "POL"]
[SourceTitle "EXT 2023"]
[Source "ChessBase"]
[SourceDate "2022.10.05"]
[SourceVersion "1"]
[SourceVersionDate "2022.10.05"]
[SourceQuality "1"]

1. e4 e6 2. d4 d5 3. exd5 exd5 4. Nf3 Bd6 5. c4 c6 6. Nc3 Ne7 7. c5 Bc7 8. Bd3 0-0 9. Qc2 f5 10. 0-0 Nd7 11. Bg5 Nf6 12. Bxf6 Rxf6 13. Rae1 Bd7 14. Ne5 Rf8 15. f4 Bxe5 16. fxe5 Be6 17. Ne2 Qd7 18. Nf4 Kh8 19. Re3 g6 20. h4 h5 21. Rg3 Kh7 22. Qe2 Ng8 23. Rxg6 1-0